El Evangelio en nuevas culturas
Saved in:
| Main Author: | |
|---|---|
| Format: | Book |
| Language: | Spanish |
| Published: |
Estella
Verbo Divino
1992
|
| Subjects: | |
| Tags: |
Add Tag
No Tags, Be the first to tag this record!
|
MARC
| LEADER | 00000nam a2200000 a 4500 | ||
|---|---|---|---|
| 001 | UCZ1919 | ||
| 003 | CL-VaPUC | ||
| 008 | 950914e19920000SP |||||||||||||||||spa|d | ||
| 082 | 0 | 4 | |a 253.7 |b ESP |2 21 |
| 100 | 0 | |a Espeja, Jesús |e author |9 345620 | |
| 245 | 1 | 3 | |a El Evangelio en nuevas culturas |
| 300 | |a 219 p | ||
| 942 | |c BK | ||
| 945 | |d 19950914 00:00:00 |a aalvarez | ||
| 260 | |a Estella |b Verbo Divino |c 1992 | ||
| 650 | 0 | |a Evangelios |9 314864 | |
| 650 | 7 | |a EVANGELIZACION |2 CL-VaPUC |9 345621 | |
| 651 | 0 | |a España |9 254926 | |
| 651 | 7 | |a CENTROAMERICA |2 CL-VaPUC |9 323312 | |
| 583 | |a last modification |c 19950914 00:00:00 |k Rodrigo Vera | ||
| 999 | |c 238591 |d 238589 | ||
| 952 | |0 0 |1 0 |4 0 |6 253_700000000000000_ESP_1992 |7 0 |8 A |9 248878 |a BIBTEO |b BIBTEO |d 2019-11-18 |i 3130304 |l 5 |m 11 |o 253.7 ESP 1992 |p 3130304 |r 2025-01-17 |s 2024-11-18 |w 2019-11-18 |y BK |k ICR | ||